Bill Clinton - 42. prezident Spojených štátov amerických
Uložené v:
| Médium: | Kniha |
|---|---|
| Jazyk: | Slovak |
| Vydavateľské údaje: |
Washington
United States Information Agency
1992
|
| Vydanie: | 1. vyd. |
| Tagy: |
Žiadne tagy, Buďte prvý, kto otaguje tento záznam!
|
MARC
| LEADER | 00000nam a2200000 4500 | ||
|---|---|---|---|
| 001 | c005479 | ||
| 005 | 20250702071639.6 | ||
| 041 | 0 | |a slo | |
| 044 | |a US | ||
| 245 | 1 | 0 | |a Bill Clinton - 42. prezident Spojených štátov amerických |
| 250 | |a 1. vyd. | ||
| 264 | 1 | |a Washington |b United States Information Agency |c 1992 | |
| 300 | |a 24 s. | ||